La Escuela de Budapest. (Record no. 59840)

MARC details
000 -LEADER
campo de control de longitud fija 00897nam a2200205 i 4500
001 - NÚMERO DE CONTROL
campo de control 59840
003 - IDENTIFICADOR DE NÚMERO DE CONTROL
campo de control ES-MaACL
007 - CAMPO FIJO DE DESCRIPCIÓN FÍSICA--INFORMACIÓN GENERAL
campo de control de longitud fija t|
008 - DATOS DE LONGITUD FIJA--INFORMACIÓN GENERAL
campo de control de longitud fija 031031q1984 sp ||||1| spa d
245 03 - MENCIÓN DEL TÍTULO
Título La Escuela de Budapest.
260 ## - PUBLICACIÓN, DISTRIBUCIÓN, ETC.
Lugar de publicación, distribución, etc. Madrid :
Nombre del editor, distribuidor, etc. Fundación de Investigaciones Marxistas,
Fecha de publicación, distribución, etc. [1984?]
500 ## - NOTA GENERAL
Nota general Ejemplar fotocopiado.
505 8# - NOTA DE CONTENIDO CON FORMATO
Nota de contenido con formato Contiene: Filosofía, ética y política en la Escuela de Budapest / Francisco José Martínez. Filosofía y política en la década de los 70 : el caso de Agnes Heller / Gerard Vilar. La Gran República ; una utopía democrática socialista / Agnes Heller
700 1# - ENTRADA AGREGADA--NOMBRE PERSONAL
Nombre de persona Martínez, Francisco José.
9 (RLIN) 77743
700 1# - ENTRADA AGREGADA--NOMBRE PERSONAL
Nombre de persona Vilar, Gerard.
9 (RLIN) 114794
740 0# - ENTRADA AGREGADA--TÍTULO RELACIONADO/ANALÍTICO NO CONTROLADO
Título relacionado o analítico no controlado Filosofía, Etica y política en la Escuela de Budapest.
740 0# - ENTRADA AGREGADA--TÍTULO RELACIONADO/ANALÍTICO NO CONTROLADO
Título relacionado o analítico no controlado Filosfía y política en la década de los 70.
740 3# - ENTRADA AGREGADA--TÍTULO RELACIONADO/ANALÍTICO NO CONTROLADO
Título relacionado o analítico no controlado La Gran República.
852 ## - LOCALIZACIÓN
Ubicación ES-MaACL
Número de control de estantería B-9439
Sublocalización o colección R.115142
Holdings
Estatus retirado Estado de pérdida Estado de daño No para préstamo Biblioteca de origen Biblioteca actual Ubicación en estantería Fecha de adquisición Fuente de adquisición Total de préstamos Signatura topográfica completa Código de barras Visto por última vez Precio de reemplazo Tipo de ítem Koha
        Biblioteca del Ateneo de Madrid Biblioteca del Ateneo de Madrid Sala Pardo Bazán 17/01/2008     B-9439 1062760 23/02/2023 23/02/2023 Libro impreso